| 000 | 01283cam a22003377a 4500 | ||
|---|---|---|---|
| 003 | CHAP | ||
| 005 | 20220329141817.0 | ||
| 008 | 971013s1968 r 00010 d | ||
| 010 | _a74193 | ||
| 011 | _a75165 | ||
| 035 | _a84725 | ||
| 040 | _cCHAP | ||
| 100 | 0 | 0 |
_aGarza Treviño, Ricardo. _947157 |
| 245 | 1 | 4 | _aLos pastos, las praderas y los forrajes como base de la ganadería y tecnología en la reforma agraria |
| 260 |
_a(México, D.F.) : _bReunión Nacional de Ciencia y Tecnología en la Reforma Agraria, _c1968 |
||
| 300 | _a33 h. | ||
| 490 | 0 | _aDocumento C-T-Ref./Agr. 111-23 | |
| 590 |
_aBATCH-UPD _b10 _c20130110 _lUCH01 _h0816 |
||
| 590 |
_aBATCH-UPD _b10 _c20130410 _lUCH01 _h0453 |
||
| 590 |
_aBATCH-UPD _b10 _c20130914 _lUCH01 _h1904 |
||
| 590 |
_aCONVERSION _b10 _c20130109 _lUCH01 _h1341 |
||
| 650 | 1 | 4 |
_aAlimentos y alimentacion del ganado. _94326 |
| 650 | 1 | 4 |
_aPastos forrajeros. _986094 |
| 650 | 1 | 4 |
_aPlantas forrajeras. _988943 |
| 711 | 0 |
_aReunión Nacional de Ciencia y Tecnología en la Reforma Agraria _d(1968 : _cMéxico, D.F.) _996434 |
|
| 830 | 0 |
_aDocumento C-T-Ref./Agr. 111-23 _933198 |
|
| 901 | _aBK | ||
| 942 | _cFOLL | ||
| 949 |
_aFolleto 1298 _bBC _cFOLL _d-40209 _eTS1 _i84725 _mD _si |
||
| 949 |
_aFolleto 1298 _bBC _cFOLL _d-40211 _eTS2 _fc.2 _i84725 _mD _si |
||
| 999 |
_c74193 _d74193 |
||